Drapeaux des empires. - Statistiques

Statistiques générales
  • Ce quiz a été pris 328 fois
  • Le résultat moyen est 11 sur 16
Statistiques - réponses
Par images Réponse % Correct
Empire Romain
96%
Empire Français
94%
Empire Russe
92%
Empire Japonais
82%
Empire Italien
81%
Empire Britanique
79%
Empire Ottoman
79%
Empire Mexicain
75%
Empire Portugais
75%
Empire Allemand
73%
Empire Mongol
72%
Empire Austro-Hongrois
63%
Empire Espagnol
60%
Empire du Mali
18%
Empire Incas
18%
Empire Achéménide
16%
Aucun quiz correspondant
Distribution des résultats
% des personnes avec chaque résultat
Percentile par nombre de réponses
Votre historique - résultats
Vous n’avez pas pris ce quiz